| 000 | 00874nam a2200241Ia 4500 | ||
|---|---|---|---|
| 003 | OSt | ||
| 005 | 20220923211152.0 | ||
| 006 | a|||||r|||| 00| 0 | ||
| 007 | ta | ||
| 008 | 220922b |||||||| |||| 00| 0 pan d | ||
| 020 |
_a81876541708 (hbk) _c250 |
||
| 024 | _a243,458 | ||
| 037 |
_b196, 08/10/2010, H.K. Prakashan _cTextual |
||
| 040 |
_aARTS _cARTS _bpan |
||
| 041 |
_2pan _apan |
||
| 082 | _aY73(P153):351, 153P9 | ||
| 100 |
_aਅਮਰਦੀਪ ਸਿੰਘ _9159051 |
||
| 245 | 0 |
_aਪੰਜਾਬੀ ਲੋਕ-ਕਹਾਣੀਆਂ _b ਚਿਹਨ-ਵਿਗਿਆਨਕ ਪਰਿਪੇਖ |
|
| 260 |
_aਦਿੱਲੀ _b ਮਨਪ੍ਰੀਤ ਪ੍ਰਕਾFਨ _c2009 |
||
| 300 |
_a175ਪੰ _ccm. |
||
| 942 |
_hY73(P153):351, 153P9 _cTEXL _2CC |
||
| 999 |
_c296262 _d296262 |
||